| 000 | 00547nam a22001457a 4500 | ||
|---|---|---|---|
| 003 | MACL | ||
| 005 | 20170615130137.0 | ||
| 008 | 170615b xxu||||| |||| 00| 0 eng d | ||
| 040 | _cMACL | ||
| 100 |
_aतबस्सुूम डा शाहीना _967503 |
||
| 245 |
_aकुछ गजलें, कुछ गीत _bसोहन राही की शायरी |
||
| 260 |
_aनई दिल्ली _bमाडर्न पब्लिशिंग हाउस _c2011 |
||
| 650 |
_aकविता _967504 |
||
| 942 |
_2ddc _cHIN |
||
| 999 |
_c56558 _d56558 |
||